Nba quiz for people who know ball - Statistics

General Stats
  • This quiz has been taken 188 times
    184 since last reset
  • The average score is 6 of 16
Answer Stats
Question Answer % Correct
Most mvps of all time with 6? Kareem Abdul-Jabbar
75%
Most triples doubles all time with over 200 Russell Westbrook
75%
Most blocks all time? Hakeem Olajuwon
64%
Most obscure player to score 70 or more in a game David Thompson
51%
Who is the goat? Michael Jordan
47%
Most shots in a game without a miss with 18 shots Wilt Chamberlain
41%
Most 60 point games after Chamberlain cuz he was him Kobe Bryant
35%
Most finals losses Jerry West
33%
Most points in finals game with over 60? Elgin Baylor
26%
Most rpg by a player in a single season after Chamberlain Bill Russell
24%
Most threes in a playoff game with 12 Damian Lillard
24%
Number of international players in nba this season? 125
22%
Most consecutive games played (Over 1000) A.C Green
20%
Which player is tied for for most finals appearances without a loss John Havlicek
20%
Most missed free throws in a game with 20? Andre Drummond
15%
First international nba player to be drafted #1 Mychal Thompson
6%
No matching quizzes found
Score Distribution
Percent of People with Each Score
Percentile by Number Answered
Your Score History
You have not taken this quiz since the last reset